000 00432nam a2200181Ia 4500
005 20250603145218.0
008 250603s9999 xx 000 0 und d
020 _a978-978-958-444-4
050 _aKP 62 .A2/
100 _aAbubakar Adamu
245 0 _aIslamic Law Practice and Procedure in Nigeria courts
260 _aLagos
260 _bMalthouse
260 _c2017
300 _a202 p
650 _aLagos
942 _cBK
999 _c41201
_d41201